00254nam a2200097Ia 4500008004100000100004600041245001900087260002500106300000900131650001600140190216s9999||||xx |||||||||||||| ||und|| aNarayanan S And Manicavachagom Pillay T K 0aCalculus Vol 3 bViswanathan S.c1999 a354p aMathematics